<?xml version="1.0" encoding="UTF-8"?>
<collection xmlns="http://www.loc.gov/MARC21/slim">
 <record>
  <leader>01721nam a2200289 a 4500</leader>
  <controlfield tag="001">1/45885</controlfield>
  <controlfield tag="008">130418s2015    gr       b    001 0 gre  </controlfield>
  <datafield tag="020" ind1=" " ind2=" ">
   <subfield code="a">9789609571562</subfield>
  </datafield>
  <datafield tag="035" ind1=" " ind2=" ">
   <subfield code="l">48855</subfield>
  </datafield>
  <datafield tag="040" ind1=" " ind2=" ">
   <subfield code="a">GR-PeUP</subfield>
  </datafield>
  <datafield tag="090" ind1=" " ind2=" ">
   <subfield code="a">331.137 ΑΝΤ</subfield>
  </datafield>
  <datafield tag="100" ind1="1" ind2=" ">
   <subfield code="a">Αντωνοπούλου, Ράνια.</subfield>
  </datafield>
  <datafield tag="245" ind1="1" ind2=" ">
   <subfield code="a">Συνοπτική παρουσίαση της μελέτης Responding to the unemployment challenge :</subfield>
   <subfield code="b">a job guarantee proposal for Greece /</subfield>
   <subfield code="c">επιστημονική υπεύθυνη Ράνια Αντωνοπούλου.</subfield>
  </datafield>
  <datafield tag="260" ind1=" " ind2=" ">
   <subfield code="a">Αθήνα:</subfield>
   <subfield code="b">Ινστιτούτο Εργασίας ΓΣΕΕ ;</subfield>
   <subfield code="c">2014.</subfield>
  </datafield>
  <datafield tag="300" ind1=" " ind2=" ">
   <subfield code="a">45 σ. ;</subfield>
   <subfield code="b">πίν. :</subfield>
   <subfield code="c">29 εκ.</subfield>
  </datafield>
  <datafield tag="490" ind1="1" ind2=" ">
   <subfield code="a">Επιστημονικές εκθέσεις ;</subfield>
  </datafield>
  <datafield tag="490" ind1="1" ind2=" ">
   <subfield code="a">Παρατηρητήριο Οικονομικών και Κοινωνικών Εξελίξεων ;</subfield>
  </datafield>
  <datafield tag="504" ind1=" " ind2=" ">
   <subfield code="a">Περιέχει Βιβλιογραφία.</subfield>
  </datafield>
  <datafield tag="650" ind1=" " ind2="4">
   <subfield code="a">Απασχόληση.</subfield>
  </datafield>
  <datafield tag="650" ind1=" " ind2="4">
   <subfield code="a">Ανεργία.</subfield>
  </datafield>
  <datafield tag="650" ind1=" " ind2="4">
   <subfield code="a">Πολιτική απασχόλησης.</subfield>
  </datafield>
  <datafield tag="710" ind1="2" ind2=" ">
   <subfield code="a">Ινστιτούτο Εργασίας ΓΣΕΕ.</subfield>
  </datafield>
  <datafield tag="710" ind1="2" ind2=" ">
   <subfield code="a">Ερευνητική Μονάδα Μακροοικονομικής Ανάλυσης και Οικονομικού Μετασχηματισμού. ΓΣΕΕ.</subfield>
  </datafield>
  <datafield tag="830" ind1=" " ind2=" ">
   <subfield code="a">Παρατηρητήριο Οικονομικών και Κοινωνικών Εξελίξεων ;</subfield>
   <subfield code="v">Σεπτέμβριος 2014.</subfield>
  </datafield>
  <datafield tag="830" ind1=" " ind2=" ">
   <subfield code="a">Επιστημονικές εκθέσεις (Reports)</subfield>
   <subfield code="v">12.</subfield>
  </datafield>
  <datafield tag="852" ind1=" " ind2=" ">
   <subfield code="a">INST</subfield>
   <subfield code="b">UNIPILB</subfield>
   <subfield code="c">MAIN</subfield>
   <subfield code="e">20150728</subfield>
   <subfield code="h">331.137 ΑΝΤ</subfield>
   <subfield code="p">00174082</subfield>
   <subfield code="q">00174082</subfield>
   <subfield code="t">LOAN</subfield>
   <subfield code="y">0</subfield>
   <subfield code="4">1</subfield>
  </datafield>
  <datafield tag="856" ind1="4" ind2="1">
   <subfield code="u">http://ineobservatory.gr/wp-content/uploads/2015/04/Report-12_FINA-24.3.2015.pdf</subfield>
  </datafield>
 </record>
</collection>
